| 000 | 00604nam a2200217 a 4500 | ||
|---|---|---|---|
| 001 | 3821 | ||
| 003 | CDMR | ||
| 005 | 20131030170240.0 | ||
| 008 | 130130s2003||||||||||||||||||||||||||||d | ||
| 020 | _a8433925458 | ||
| 040 |
_aCDMR _bcat _cCDMR |
||
| 100 | 1 |
_aKapuscinski, Ryszard _9661 |
|
| 245 | 1 | 0 |
_aÉbano _cRyszard Kapuscinski ; traducción del polaco de Agata Orzeszek |
| 250 | _a9a ed. | ||
| 260 |
_aBarcelona _c2003 _bAnagrama |
||
| 300 | _a340 p. | ||
| 490 | 0 |
_aCrónicas Anagrama _v45 |
|
| 650 | 0 | 4 |
_9797 _aReportatges literaris |
| 650 | 0 | 4 |
_94154 _aPeriodistes _xRelats personals |
| 942 |
_cMON _2udc |
||
| 999 |
_c3821 _d3821 |
||